Spanish National Football Team By Photos - Euro 2024 - Statistics

General Stats
  • This quiz has been taken 84 times
  • The average score is 19 of 26
Answer Stats
Picture Answer % Correct
Dani Carvajal
97%
David Raya
97%
Lamine Yamal
96%
Marc Cucurella
96%
Dani Olmo
93%
Nico Williams
93%
Rodri
93%
Pedri
92%
Unai Simón
90%
Álvaro Morata
86%
Ferrán Torres
86%
Aymeric Laporte
80%
Robin Le Normand
80%
Mikel Merino
77%
Nacho
77%
Fabián Ruiz
76%
Mikel Oyarzabal
75%
Fermín López
70%
Alejandro Grimaldo
68%
Jesús Navas
66%
Joselu
61%
Martin Zubimendi
44%
Álex Baena
39%
Ayoze Pérez
38%
Daniel Vivian
38%
Álex Remiro
37%
No matching quizzes found
Score Distribution
Percent of People with Each Score
Percentile by Number Answered
Your Score History
You have not taken this quiz